Tuyển tập Tản Đà
Giới thiệu các tác phẩm chính, quan trọng ở các lĩnh vực khác nhau trong sự nghiệp sáng tác của Tản Đà. Những tác phẩm cho người đọc hình dung trọn vẹn về một tác gia văn học tiêu biểu của Hà Nội
Đã lưu trong:
| 主要作者: | |
|---|---|
| 其他作者: | |
| 語言: | Undetermined |
| 出版: |
Hà Nội
Nxb. Hà Nội
2019
|
| 主題: | |
| 標簽: |
添加標簽
沒有標簽, 成為第一個標記此記錄!
|
| Thư viện lưu trữ: | Trung tâm Học liệu Trường Đại học Trà Vinh |
|---|
| LEADER | 01011nam a2200253Ia 4500 | ||
|---|---|---|---|
| 001 | TVU_33763 | ||
| 008 | 210423s9999 xx 000 0 und d | ||
| 020 | |a 9786045541456 | ||
| 041 | |a Vie | ||
| 082 | |a 895.922132 | ||
| 082 | |b V561/T.2 | ||
| 100 | |a Trần, Ngọc Vương | ||
| 245 | 0 | |a Tuyển tập Tản Đà | |
| 245 | 0 | |c Trần Ngọc Vương, Mai thu Huyền (biên soạn) | |
| 260 | |a Hà Nội | ||
| 260 | |b Nxb. Hà Nội | ||
| 260 | |c 2019 | ||
| 300 | |a 664 tr. | ||
| 300 | |c 24 cm | ||
| 504 | |a Thư mục: tr. 639-660 | ||
| 520 | |a Giới thiệu các tác phẩm chính, quan trọng ở các lĩnh vực khác nhau trong sự nghiệp sáng tác của Tản Đà. Những tác phẩm cho người đọc hình dung trọn vẹn về một tác gia văn học tiêu biểu của Hà Nội | ||
| 650 | |a Tản Đà; Văn học hiện đại; Nghiên cứu văn học; Tác giả | ||
| 700 | |a Trần Ngọc Vương; Mai thu Huyền | ||
| 980 | |a Trung tâm Học liệu Trường Đại học Trà Vinh | ||


